=LDR 00000nam 2200000 4500 =001 INLIS000000000006332 =005 20140521162023.0 =006 =007 =008 Ind =035 ##$$0010-061300000006332 =041 ##$$a Ind =082 ##$$a 796.334 =090 ##$$a 796.334, Lux s =100 ##$$a Luabancher, Joe =245 ##$$a Sepak bola taktik dan teknik, Joe Lxbacher =260 ##$$a 1999 $b Jakarta =300 ##$$a xxx, 135 hlm, ilus, 22 cm =650 ##$$a Sepak bola - Teknik =850 ##$$a NBPNMAT =990 ##$$a 0001/BPAP-NTB/2016